Представление документа в формате MARC21

Поле Инд. ПП Название Значение
Тип записи a
Библиографический уровень a
001 Контрольный номер dc5770e5b1564d8f8d2f125e11d943f0
005 Дата корректировки 20180409143656.5
020 a ISBN 978-5-7609-0877-3
040 a Служба первич. каталог. НБ ТвГУ
b Код языка каталог. rus
e Правила каталог. PSBO
041 0_ a Код языка текста rus
097 b Оператор novikova
100 1_ a Автор Петрик Галина Георгиевна
q Полное имя Петрик Г. Г.
245 10 a Заглавие Адекватный потенциал на основе молекулярной информации – выбор и апробирование
260 a Место издания Тверь
b Издательство Тверской государственный университет
504 a Библиография Библиогр.: с. 258-260 (37 назв.)
520 0_ a Аннотация Представлены результаты, полученные благодаря новому подходу к описанию формы потенциальных кривых, установленным связям координат особых точек кривых с критическими параметрами и аналитико-расчетным возможностям молекулярной модели сферических оболочек. Показано, что адекватный потенциал сферических оболочек формируется однозначно наиболее общим управляющим фактором модели – жесткостью оболочки. Предложен способ выбора в семействе потенциалов Ми (n-m) адекватного потенциала-аналога.
653 0_ a Ключевые слова Межмолекулярное взаимодействие
a Ключевые слова Взаимодействующие точечные центры
a Ключевые слова Сферические оболочки
a Ключевые слова Адекватные потенциалы
a Ключевые слова Параметры
a Ключевые слова Особые точки кривых
773 18 w Контрольный № источника b125ed9d40bf48e5b6496ef88a3be752
t Название источника Физико-химические аспекты изучения кластеров, наноструктур и наноматериалов
d Место и дата издания Тверь : Тверской государственный университет , 2013
g Прочая информация Вып. 5. - С. 245-260
856 40 u URL http://texts.lib.tversu.ru/texts/11840t.pdf
x Примечание для ЭОР Справка УИС 2016
i Дата подключения ЭОР 20170426
x Примечание для ЭОР Реестр суммарного учета сетевых локальных документов
900 a Имя макрообъекта 11840t
901 t Тип документа a
920 a Оператор Нови